Introducción a la sintaxis generativa: la teoría de principios y parámetros en evolución

সংরক্ষণ করুন:
গ্রন্থ-পঞ্জীর বিবরন
প্রধান লেখক: Lorenzo González, Guillermo (autor), Longa Martínez, Víctor Manuel (Author)
বিন্যাস: গ্রন্থ
ভাষা:স্প্যানিশ
প্রকাশিত: Madrid Alianza 1996
মালা:Alianza Universidad, 855
বিষয়গুলি:
ট্যাগগুলো: ট্যাগ যুক্ত করুন
কোনো ট্যাগ নেই, প্রথমজন হিসাবে ট্যাগ করুন!

MARC

LEADER 00000nam a2200000 a 4500
001 UCO9005
003 CL-VaPUC
008 010119e19960000SP |||||||||||||||||spa|d
082 0 4 |a 415  |b LOR  |2 21 
100 |a Lorenzo González, Guillermo  |e autor  |9 497495 
700 0 |a Longa Martínez, Víctor Manuel  |e author  |9 454066 
245 1 0 |a Introducción a la sintaxis generativa: la teoría de principios y parámetros en evolución 
300 |a 226 p 
942 |c BK 
945 |d 20010119 00:00:00  |a vberengu 
260 |a Madrid  |b Alianza  |c 1996 
650 0 |a Gramática  |9 270497 
650 0 |a Lenguaje   |9 265069 
650 0 |a Lingüística  |9 265068 
650 0 |a Sintaxis  |9 318843 
583 |a last modification  |c 20010119 00:00:00  |k Rodrigo Vera 
490 0 |a Alianza Universidad, 855 
999 |c 293415  |d 293413 
952 |0 0  |1 0  |4 0  |6 415_000000000000000_LOR_1996  |7 0  |8 A  |9 344921  |a FDOPOS  |b FDOPOS  |d 2019-11-20  |i 3680991  |o 415 LOR 1996  |p 3680991  |r 2025-01-22  |w 2019-11-20  |y BK  |k MLA